00538nam a22001577a 4500020000800000040001600008082001800024100002200042245008800064250001300152260003000165300005900195942001200254999001900266952009500285 qHB. cFIZZA ISHAQ a510.2462bKRE a Kreyszig, Erwin. aAdvanced Engineering Mathematics, International Student Version /c Erwin Kreyszig. a10TH ED. aNEW YORK:b Wiley,c2011. a1001 X A1- A 97 index Incc 8.07 x 1.38 x 10.04 inches 2ddccBK c616433d616433 00102ddc4070aNQCbNQCd2026-02-26l0o510.2462 KREpQ-2146r2026-02-26w2026-02-26yBK